Statistiques concernant Culture Générale - Série 1024

Cliquez ici pour prendre le quiz!

Statistiques générales

  • Ce quiz a été pris 56 fois
  • Le résultat moyen est 7 sur 10

Statistiques - réponses

Question Réponse % Correct
Selon l'expression, quand on agit vite, on fait les choses en deux temps trois...mouvements
96%
Quelle est la capitale de l'Ukraine ?Kiev
94%
Dans quelle capitale européenne peut-on voir la statue "la Petite Sirène" ?Copenhague
92%
A quelle discipline scientifique le Russe Dimitri Mendeleïev a-t-il consacré l'essentiel de sa carrière ?chimie
76%
Quel synonyme de "instruction" peut être "générale" et fut comparé à la confiture par Françoise Sagan : "moins on en a, plus on l'étale" ?culture
76%
Quel animal dit-on avoir dans les poches quand on est radin ?oursin
69%
Quelle spécialité de Bologne en Italie, est un gros saucisson cuit de couleur rosée, fait d'un mélange de viande, de dés de gras et de pistaches ?mortadelle
65%
Quel cycliste, ayant remporté cinq Tour de France entre 1978 et 1985, surnomme-t-on "le blaireau" ?Bernard Hinault
61%
Quel écrivain français, connu sous le pseudonyme d'Émile Ajar, a reçu deux fois le prix Goncourt ?Romain Gary
45%
Quelle série télévisée mettait en scène Mia Farrow, dans le rôle d'Allison MacKenzie, et Ryan O'Neal dans celui de Rodney Harrington ?Peyton Place
2%

Distribution des résultats

Percentile par nombre de réponses

% des personnes avec chaque résultat

Votre développement - résultats

Vous n’avez pas pris ce quiz